000 00850cam a22002414a 4500
001 ENG-90787
005 20080417160226.0
008 080828t xxu||||| |||| 00| e eng d
010 _aENG-90787
020 _a9788172734176
_c250.00
035 _aEN-74320
037 _bDBAD / PUB
040 _aDPL
_bEnglish
082 _a880.8
100 _aNageswara Rao, E.
245 _aPerspectives on english /
_cby E. Nageswara Rao
260 _aDelhi :
_bAuthorspress,
_c2008.
270 _aE-35/103, Jawahar Park, Laxmi Nagar,
_bDelhi
_e110092
300 _aviii, 98p.
_c22 cm (Hb)
650 _aEnglish literature
_xHistory and criticism
942 _2ddc
_cEN
_mRAO
_h880.8
999 _c15174
_d15174